000 00482nam a2200205Ia 4500
003 OST
005 20240606080831.0
008 150730s9999 xx 000 0 und d
020 _a184480190X
040 _cMRUC
050 _aQA76.73.B3M33 2005
100 _aMcbride, P K
245 _aIntroductory Visual Basic .Net
264 _aGreat Britain
264 _bThomson
264 _c2005
650 _aVisual Basic
942 _2lcc
_cBK
999 _c1193
_d1193